000 01160cam a22003377a 4500
003 CHAP
005 20220329141936.0
008 980828d1994 mx r 00110 spa d
010 _a76035
011 _a77007
035 _a86603
040 _cCHAP
090 _aTesis
100 0 0 _aRuiz Pérez, Wilfrido Ezequiel.
_9100762
245 1 3 _aLa producción maderable en el estado de Oaxaca, propuesta de mejora
_c/por Wilfrido Ezequiel Ruiz Pérez
260 _aChapingo, Méx. :
_bEl autor,
_c1994.
300 _a27 h. :
_bcuadros
502 _aTesis (Ing. Agr. Esp. en Bosques) -- UACH. División de Ciencias Forestales
590 _aALEPH
_b10
_c20130110
_lUCH01
_h1425
590 _aBATCH-UPD
_b10
_c20130110
_lUCH01
_h0743
590 _aBATCH-UPD
_b10
_c20130410
_lUCH01
_h0424
590 _aBATCH-UPD
_b10
_c20130914
_lUCH01
_h1737
590 _aCONVERSION
_b10
_c20130109
_lUCH01
_h1342
650 1 4 _aMadera.
_969594
650 1 4 _aProductos forestales
_xOaxaca.
_992099
901 _aBK
905 _aMayto Villalobos S.
942 _cFOLL
949 _bBC
_cTES
_d33724000589065
_eTS2
_fc.2
_h32597
_i86603
_sb
949 _bBC
_cTES
_d866031
_eTS1
_h32596
_i86603
_sb
999 _c76035
_d76035